000 01410nam a22001937a 4500
005 20251218182928.0
020 _a9789357327312
082 _a920 ASW
100 _aAswathy Sreekanth
_91190
245 _aKaali_Malayalam
250 _a1
260 _aDC Books
_bKottayam
_c2025
300 _aNumber of pages : 144
500 _aCategory : Short Stories, Best Sellers
520 _aകണ്ടുമറന്നതോ, പറഞ്ഞുപിരിഞ്ഞതോ ആയ പെൺജീവിതങ്ങളെക്കുറിച്ചുള്ള എഴുത്തുകൾ, അഥവാ ഉള്ളിൽ ഇപ്പോഴും തോർന്നിട്ടില്ലാത്ത സ്വപ്‌നസന്നിഭമായ മഴപ്പെയ്ത്തുകൾ. സകല പെൺഭാവങ്ങളെയും ഉൾക്കൊള്ളുന്ന ഒമ്പത് കഥകൾ.വായനക്കാർ ഹൃദയത്തിലേറ്റിയ 'ഠാ' യില്ലാത്ത മുട്ടായികൾ, മഴയുറുമ്പുകളുടെ രാജ്യം തുടങ്ങിയ കൃതികളിലൂടെ ശ്രദ്ധേയയായ അശ്വതി ശ്രീകാന്തിന്റെ ഏറ്റവും പുതിയ പുസ്തകം.
546 _aLanguage : Malayalam
650 _aGEN
_92
942 _cBK
999 _c38112
_d38112